Shakespeare Characters from 'A Midsummer Night's Dream' - Statistics

General Stats
  • This quiz has been taken 933 times
  • The average score is 11 of 21
Answer Stats
Answer % Correct
Oberon
92%
Puck
92%
Titania
91%
Nick Bottom
84%
Helena
81%
Lysander
78%
Hermia
75%
Demetrius
69%
Theseus
57%
Hippolyta
54%
Mustardseed
44%
Peter Quince
40%
Cobweb
39%
Egeus
39%
Francis Flute
37%
Peaseblossom
37%
Snug
34%
Tom Snout
33%
Moth
27%
Robin Starveling
27%
Philostrate
20%
No matching quizzes found
Score Distribution
Percent of People with Each Score
Percentile by Number Answered
Your Score History
You have not taken this quiz